=LDR 00000nam 2200000 4500 =001 INLIS000000000038593 =005 20130612144246 =008 ***********************************Ind** =035 ##$$0010-061300000038593 =041 ##$$a Ind =082 ##$$a 641-5 =090 ##$$a 641-5, Erw m =100 ##$$a Erwin, Lilly T =245 ##$$a Masak Sajian dari bumbu dasar dalam waktu 30 menit, Lilly T. Erwin; Editor, Intarina Hardiman =260 ##$$a 2011 $b Jakarta =300 ##$$a 48 hlm, Ilus, 22 cm =650 ##$$a Masakan - Resep =700 ##$$a Hardiman, Intarina =850 ##$$a NBPNMAT =990 ##$$a 0001/BPAP-NTB/20142015 =990 ##$$a 0307/BPAP-NTB/2015 =990 ##$$a 21602988/BPAP-NTB/2017